000 00636nam a22001937a 4500
999 _c166335
_d166335
005 20190722123446.0
010 _aENG-126021
020 _a9788178443195
_c595.00
035 _aEN-109553
037 _bDBAD/PUB
082 _a026.000
100 _aBhatt, R.K.
245 _aThe survival kit for libraries :
_ba marketing approach /
_cby R.K.Bhatt
260 _aNew Delhi
_bR.K. Pulblications
_c2018
270 _a4806/24, Bharat Ram Road, Darya Ganj
_bNew Delhi
_e110002
_k011-23285167, 65185557
_minfo@kkpublications.com
300 _a175p.
_c24cm(Hb)
500 _aIncludes index
942 _2ddc
_cEN
_h026.000
_mBHA